| 000 | 01087cam a2200313 a 4500 | ||
|---|---|---|---|
| 001 | 13090662 | ||
| 003 | OSt | ||
| 005 | 20211221112313.0 | ||
| 008 | 030212s2004 maua b 001 0deng | ||
| 010 | _a 2003044176 | ||
| 020 | _a9780070699687 | ||
| 038 | _akhadija | ||
| 040 |
_aDLC _cDLC _dDLC |
||
| 050 | 0 | 0 |
_aQC100.5 _b.D63 2011 |
| 082 | 0 | 0 |
_a681.2 _221 _bDOE |
| 100 | 1 |
_aDoebelin, Ernest O. _986860 |
|
| 245 | 1 | 0 |
_aDoebelin's Measurement systems / _cErnest O. Doebelin |
| 250 | _a6th ed. | ||
| 260 |
_aBoston : _bMcGraw-Hill, _cc2011. |
||
| 300 |
_axxi, 1078 p. : _bill. ; _c24 cm. |
||
| 440 | 0 |
_aMcGraw-Hill series in mechanical engineering _986861 |
|
| 504 | _aIncludes bibliographical references and index. | ||
| 563 | _aPB | ||
| 650 | 0 |
_aMeasuring instruments. _986862 |
|
| 650 | 0 |
_aPhysical measurements. _986863 |
|
| 906 |
_a7 _bcbc _corignew _d1 _eocip _f20 _gy-gencatlg |
||
| 942 |
_2ddc _cBK |
||
| 999 |
_c33219 _d33219 |
||